| Tag |
First Indicator |
Second Indicator |
Subfields |
| LEADER |
00000cam a2200000 4500 |
| 001 |
in00000029761 |
| 005 |
20151007062927.0 |
| 008 |
750519s1956 nyu b 00000 eng u |
| 010 |
|
|
|a 56003859
|
| 035 |
|
|
|a (OCoLC)01343707
|
| 035 |
|
|
|9 AAD6117AM
|
| 040 |
|
|
|c ORL
|d TXA
|d UtOrBLW
|
| 049 |
|
|
|a TXAM
|c [272784]
|
| 050 |
0 |
0 |
|a PR5795.W7
|b Z78 1956
|
| 082 |
0 |
|
|a 928.2
|
| 092 |
|
|
|a 823
|b W589Ys
|
| 100 |
1 |
|
|a Stock, Irvin,
|d 1920-
|
| 245 |
1 |
0 |
|a William Hale White (Mark Rutherford ) ;
|b a critical study /
|c Foreword by Lionel Trilling.
|
| 264 |
|
1 |
|a New York :
|b Columbia University Press,
|c 1956.
|
| 300 |
|
|
|a xii, 268 pages ;
|c 23 cm.
|
| 336 |
|
|
|a text
|b txt
|2 rdacontent
|
| 337 |
|
|
|a unmediated
|b n
|2 rdamedia
|
| 338 |
|
|
|a volume
|b nc
|2 rdacarrier
|
| 500 |
|
|
|a Issued also in microfilm form a thesis, Columbia University.
|
| 504 |
|
|
|a Bibliography: pages 254-258.
|
| 600 |
1 |
0 |
|a White, William Hale,
|d 1831-1913.
|
| 999 |
|
|
|a MARS
|
| 999 |
f |
f |
|s d712362c-6183-35da-a493-997840c5ed51
|i 28015aad-592d-33c5-b8fb-12f8f026728b
|t 0
|
| 952 |
f |
f |
|p ric
|a Texas A&M University
|b Rellis Campus
|c Joint Library Facility
|d Remote Storage
|t 0
|e PR5795.W7 Z78 1956
|h Library of Congress classification
|i unmediated -- volume
|m A14801333940
|
| 998 |
f |
f |
|a PR5795.W7 Z78 1956
|t 0
|l Remote Storage
|